000 01181nam a2200325 4500
001 0000014728
003 CO-CtgCURN
005 20250506222133.0
007 ta
008 160627s1993 000 0 eng d
020 _a8448101642
040 _aCO-CtgCURN
_bspa
_ccoctgcurn
082 0 _a330.1
_bM62e
100 1 _aMochon Morcillo, Francisco.
245 1 0 _aEconomia teoria y política /
_cFrancisco Mochon Morcillo.
250 _a3a ed.
260 _aBogotá :
_bMcGraw-Hill,
_c1993.
300 _a707 p.
336 _2rdacontent
337 _2rdamedia
_asin mediacion
_bn
338 _2rdacarrier
_avolumen
_bnc
500 _aIncluye indice.
505 8 _aMercados.-- Distribucion de la renta.-- Dinero.-- Teoria de la producción.-- Monopolio.-- Oferta y demanda.--Microeconomia demanda y Producción.--Los mercados.--La distribucion de la renta.--El análisis de la renta nacional
650 1 4 _aEconomia.
908 _a160627
942 _cBK
_h330.1
_iM62e
_2ddc
_n0
999 _c18212
_d18212